Biggest Island by Country - Statistics

General Stats
  • This quiz has been taken 36 times
  • The average score is 12 of 15
Answer Stats
Country Area in km2 Answer % Correct
Denmark 2.130.800 Greenland
97%
Italy 10.000 Sicily
97%
Greece 25.700 Crete
94%
Indonesia,Malaysia,Brunei 748.000 Borneo
89%
United Kingdom 210.000 Great Britain
89%
Haiti,Dominican Republic 74.000 Hispaniola
89%
New Zealand 111.600 South island
89%
Australia 65.000 Tasmania
89%
Canada 507.000 Baffin
83%
Japan 225.000 Honshu
83%
Indonesia,Papua New Guinea 786.000 New Guinea
83%
USA 10.400 Hawaii
74%
Russia 72.000 Sakhalin
57%
Norway 39.000 Spitsbergen
43%
Brazil 40.100 Marajo
17%
No matching quizzes found
Score Distribution
Percent of People with Each Score
Percentile by Number Answered
Your Score History
You have not taken this quiz